000 00669nam a22002057a 4500
003 UA-OsUOA
001 36978
007 ta
008 20060217b un ||||| |||| 00| 0 ukr d
090 _a34
942 _cSA
040 _aUA-OsUOA
_bukr
_cUA-OsUOA
_dUA-OsUOA
245 _aПро забезпечення проведення демократичних, чесних і прозорих виборів 2006 року/Указ Президента України від 23 січня 2006 року № 39/2006
300 _aС.143-144
955 _a0
041 _aukr
080 _a34
773 0 _w36975
650 7 _a34 Право. Юриспруденція
_2UDC
999 _c323210
_d323210